Datum a čas kvízu
40.5
Celkem bodů
Celkový počet nahraných bodů na tomto kvízu bez doplňovacích otázek.
2.
Pořadí na kvízu
Konečné umístění týmu na tomto kvízu.
Zaznamenané odpovědi
| # | Otázka | Odpověď | Body | Výsledky |
|---|---|---|---|---|
| 1. | Který český politik zveřejnil... | Vít Rakušan | 1 | |
| 2. | Maďarsko podepsalo s jednou ze... | Číny | 1 | |
| 3. | Slavnostnímu předávání Oscarů... | Medvídek Pú / Winnie the Pooh | 0 | |
| 4. | Ve středu vstoupila na český t... | Partners | 1 | |
| 5. | Tři mužstva vyhrála v předkole... | Litvínov, České Budějovice, Hradec Králové | 0.5 | |
| 6. | Začneme prvním českým králem p... | Přemysl Otakar II., 1278 | 1 | |
| 7. | Další „slavnou“ prohrou, která... | ve Francii | 0 | |
| 8. | V bitvě u Lipan, kterou řadí m... | Jan Roháč (z Dubé) | 1 | |
| 9. | Bitva na Bílé hoře zpečetila o... | listopad 1620 | 1 | |
| 10. | Napište jména dvou mužů, kteří... | Neville Chamberlain, Édouard Daladier | 1 |